Loreto College Library, Kolkata
WEBOPAC (ONLINE PUBLIC ACCESS CATALOGUE)

The complete poems and plays (Record no. 6466)

MARC details
000 -LEADER
fixed length control field 00549nam a2200217Ia 4500
005 - DATE AND TIME OF LATEST TRANSACTION
control field 20180804115134.0
008 - FIXED-LENGTH DATA ELEMENTS--GENERAL INFORMATION
fixed length control field 131103s9999 xx 000 0 und d
020 ## - ISBN | অাই এস বি এন
ISBN | অাই এস বি এন 571088570
PRICE GBP 14.99/Rs 789
040 ## - CATALOGING SOURCE
Original cataloging agency Loreto College
041 ## - LANGUAGE CODE
Language code English
082 ## - DDC | ডিউই
Classification number | বর্গসংখ্যা 821.91
Book Number | গ্রন্থাঙ্ক ELI
100 ## - MAIN ENTRY--PERSONAL NAME | মুখ্য সংলেখ - ব্যাক্তিনাম
Personal name | ব্যাক্তিনাম Eliot, T. S.
245 #4 - TITLE STATEMENT | অাখ্যা বিবরণী
Title | অাখ্যা The complete poems and plays
Statement of responsibility | লেখকের দায়িত্বের বিবরণ T. S Eliot
260 ## - IMPRINT | প্রকাশনা ক্ষেত্র
Place of publication | প্রকাশ স্থান London
Name of publisher | প্রকাশকের নাম Faber and Faber
Date of publication | প্রকাশ কাল 1969
300 ## - PHYSICAL DESCRIPTION |
Page / Vol. No | পৃষ্ঠা / খন্ড সংখ্যা 608 p.
630 ## - SUBJECT ADDED ENTRY--UNIFORM TITLE
Uniform title English Poetry
650 ## - SUBJECT ADDED ENTRY--TOPICAL TERM | বিষয় শিরোনাম - মূল বিষয়
Topical term | মূল বিষয় Eliot, T.S.
651 ## - SUBJECT ADDED ENTRY--GEOGRAPHIC NAME | বিষয় শিরোনাম - ভৌগলিক নাম
Geographic name | ভৌগলিক বিষয় English Drama
850 ## - HOLDING INSTITUTION
Holding institution LCLIB
942 ## - ADDED ENTRY ELEMENTS (KOHA)
Koha item type Books
Holdings
Withdrawn status Lost status Source of classification Damaged status Not for loan Home library Current library Date acquired Total Checkouts Full call number Accession No. Date last seen Date checked out Price effective from Koha item type
    Dewey Decimal Classification     Loreto College Loreto College 04/11/2013 1 821.91 ELI 36522 B20142 12/10/2018 12/10/2018 04/11/2013 Books
          Loreto College Loreto College 04/11/2013   821.91/ELI LCLIB/EnSem/36522;46296 B6336 04/11/2013   04/11/2013 Books